802.11 Security : securing wireless networks (Record no. 179843)

MARC details
000 -LEADER
fixed length control field 00406nam a2200157Ia 4500
008 - FIXED-LENGTH DATA ELEMENTS--GENERAL INFORMATION
fixed length control field 231217s9999 xx 000 0 und d
020 ## - INTERNATIONAL STANDARD BOOK NUMBER
International Standard Book Number 8173665753
041 ## - LANGUAGE CODE
Language code of text/sound track or separate title English
082 ## - DEWEY DECIMAL CLASSIFICATION NUMBER
Classification number 001.64404 POT;1 R1
100 ## - MAIN ENTRY--PERSONAL NAME
Personal name Potter, Bruce. Fleck, Bob.
245 #0 - TITLE STATEMENT
Title 802.11 Security : securing wireless networks
260 ## - PUBLICATION, DISTRIBUTION, ETC.
Date of publication, distribution, etc. 2003
Name of publisher, distributor, etc. Shroff
Place of publication, distribution, etc. Mumbai
300 ## - PHYSICAL DESCRIPTION
Extent xiii+176
650 ## - SUBJECT ADDED ENTRY--TOPICAL TERM
Topical term or geographic name entry element 802.11
942 ## - ADDED ENTRY ELEMENTS (KOHA)
Koha item type Books
Holdings
Date last seen Total checkouts Full call number Accession number Uniform resource identifier Cost, total (INR) price Price effective from Category Lost status Damaged status Department Withdrawn status Home library Current library Shelving location Entry date Vendor Cost, normal purchase price Grants Billnumber Billdate Currency symbol Conversion rate Discount Old discount Date last checked out
26/01/2024   001.64404 POT;1 R1 47288 digital/contents/47288.pdf 181.00 26/01/2024 Books     Central Library   Central Library Central Library Central Library 29/11/2007 Deepa Book Binders 181.00 CS 105 04/09/2008 RS 1      
26/01/2024   001.64404 POT;2 47289 digital/contents/47288.pdf 181.00 26/01/2024 Books     Central Library   Central Library Central Library Central Library 29/11/2007 Deepa Book Binders 181.00 CS 105 04/09/2008 RS 1      
26/01/2024   001.64404 POT;5 88447 digital/contents/47288.pdf 262.50 26/01/2024 Books     Central Library   Central Library Central Library Central Library 25/03/2014 Allied publ. 350.00 IS/PG BA/2013/CR/0005194   RS 1 87.5 25  
26/01/2024   001.64404 POT;6 88448 digital/contents/47288.pdf 262.50 26/01/2024 Books     IS/PG   Central Library Central Library Information Science 25/03/2014 Allied publ. 350.00 IS/PG BA/2013/CR/0005194   RS 1 87.5 25  
09/05/2025 1 001.64404 POT;3 53597 digital/contents/47288.pdf   26/01/2024 Books     CS   Central Library Lending Library CS 21/03/2009 Publisher   DONATED   06/09/2012 RS 1     23/04/2025
23/04/2025 1 001.64404 POT;4 R1 88446 digital/contents/47288.pdf 262.50 26/01/2024 Books     Central Library   Central Library RFID Kiosk Central Library 25/03/2014 Allied publ. 350.00 IS/PG BA/2013/CR/0005194   RS 1 87.5 25 08/04/2025

© For any Suggestions or Query, please contact the library staff @ librarian@pes.edu or Phone: +9180 2672 1983/ 2108.